5HLuxD.jpg

KING HENRY VIII SENIOR AND PRIMARY SCHOOL LIBRARY OPAC

Things I know to be true / (Record no. 2980)

000 -LEADER
fixed length control field 01751cam a2200349 i 4500
001 - CONTROL NUMBER
control field 7384601
003 - CONTROL NUMBER IDENTIFIER
control field OSt
005 - DATE AND TIME OF LATEST TRANSACTION
control field 20230914095029.0
008 - FIXED-LENGTH DATA ELEMENTS--GENERAL INFORMATION
fixed length control field 160714t20162016enkac 000 d eng d
020 ## - INTERNATIONAL STANDARD BOOK NUMBER
International Standard Book Number 9781848425767
020 ## - INTERNATIONAL STANDARD BOOK NUMBER
International Standard Book Number 1848425767
035 ## - SYSTEM CONTROL NUMBER
System control number (OCoLC)953599476
040 ## - CATALOGING SOURCE
Original cataloging agency YDXCP
Language of cataloging eng
Description conventions rda
Transcribing agency YDXCP
Modifying agency CDX
-- OCLCO
-- CIA
-- NhCcYBP
-- KH8
042 ## - AUTHENTICATION CODE
Authentication code anuc
082 04 - DEWEY DECIMAL CLASSIFICATION NUMBER
Classification number 822.914 BOV
Edition number 23
100 1# - MAIN ENTRY--PERSONAL NAME
Personal name Bovell, Andrew,
Relator term author.
245 10 - TITLE STATEMENT
Title Things I know to be true /
Statement of responsibility, etc. by Andrew Bovell.
264 #1 - PRODUCTION, PUBLICATION, DISTRIBUTION, MANUFACTURE, AND COPYRIGHT NOTICE
Place of production, publication, distribution, manufacture London :
Name of producer, publisher, distributor, manufacturer Nick Hern Books,
Date of production, publication, distribution, manufacture, or copyright notice 2016.
264 #4 - PRODUCTION, PUBLICATION, DISTRIBUTION, MANUFACTURE, AND COPYRIGHT NOTICE
Date of production, publication, distribution, manufacture, or copyright notice �2016
300 ## - PHYSICAL DESCRIPTION
Extent 83 pages :
Other physical details illustrations, portraits ;
Dimensions 20 cm
336 ## - CONTENT TYPE
Content type term text
Content type code txt
Source rdacontent
336 ## - CONTENT TYPE
Content type term still image
Content type code sti
Source rdacontent
337 ## - MEDIA TYPE
Media type term unmediated
Media type code n
Source rdamedia
338 ## - CARRIER TYPE
Carrier type term volume
Carrier type code nc
Source rdacarrier
500 ## - GENERAL NOTE
General note "A Frantic Assembly and State Theatre Company of South Australia production-- Co-produced with Warwick Arts Centre in association with Chichester Festival Theatre and the Lyric Hammersmith."
520 ## - SUMMARY, ETC.
Summary, etc. "Bob and Fran have worked hard to give their four children the opportunities they never had. Now, with the kids ready to make lives of their own, it's time to sit back and smell the roses. But the change of the seasons reveals some shattering truths, leaving us asking whether it's possible to love too much. Things I Know To Be True is Andrew Bovell's complex and intense portrait of the mechanics of a family - and a marriage - through the eyes of four siblings struggling to define themselves beyond their parents' love and expectations."--Page 4 of cover.
650 #0 - SUBJECT ADDED ENTRY--TOPICAL TERM
Topical term or geographic name entry element Families
Form subdivision Drama.
653 ## - INDEX TERM--UNCONTROLLED
Uncontrolled term Australian
710 2# - ADDED ENTRY--CORPORATE NAME
Corporate name or jurisdiction name as entry element Frantic Assembly (Group)
710 2# - ADDED ENTRY--CORPORATE NAME
Corporate name or jurisdiction name as entry element State Theatre Company of South Australia.
942 ## - ADDED ENTRY ELEMENTS (KOHA)
Source of classification or shelving scheme
Koha item type Teaching Resources
Holdings
Withdrawn status Lost status Source of classification or shelving scheme Damaged status Not for loan Collection code Permanent Location Current Location Shelving location Date acquired Full call number Barcode Date last seen Price effective from Koha item type
          Teaching Resources KH8 Senior School Library KH8 Senior School Library Staff Office 2023-09-14 822.914 BOV TRKHSL003144 2023-09-14 2023-09-14 Teaching Resources

Powered By KH8 IT Dept